| 000 | 00530nam a22001457a 4500 | ||
|---|---|---|---|
| 003 | NUST | ||
| 082 | _a200 | ||
| 100 |
_aIhtesham Ul Haq _916475 |
||
| 245 |
_aClimatic Changes and Farmers' Perception and Resilience for Food Security in Karak District of Khyber Pakhtunkhwa, Pakistan/ _cIhtesham Ul Haq |
||
| 264 |
_aIslamabad: _bS3H NUST. _c2025. |
||
| 650 |
_aMS-Development Studies _9123041 |
||
| 700 |
_aSupervisor: Dr. Umer Khayyam _9120151 |
||
| 856 | _uhttp://10.250.8.41:8080/xmlui/handle/123456789/56660 | ||
| 942 |
_2ddc _cSC |
||
| 999 |
_c615732 _d615732 |
||